Statistics for Kids T.V. shows

Click here to take the quiz!

General Stats

  • This quiz has been taken 827 times
  • The average score is 7 of 13

Answer Stats

HintAnswer% Correct
A spanish girl with a friend thats a monkeyDora
91%
A big purple dinosaurBarney
87%
A cat and a mouse always getting into troubleTom and Jerry
86%
A curious monkeyCurious George
85%
A talking seaspongeSpongebob Squarepants
85%
A blue dog who is always looking for cluesBlues Clues
74%
A schoolbusthat goes to strange placesThe Magic Schoolbus
55%
A cat that wears a big red and white hat.The Cat in the Hat
47%
Agent P.Phineas and Ferb
41%
Two brothers who love animalsWild Kratts
27%
A new "Mister Roger's Neighborhood"Daniel Tiger's Neighborhood
21%
1 hour showSesame Street
17%
Mini People who love to helpTeam Umizoomi
9%

Score Distribution

Percentile by Number Answered

Percent of People with Each Score

Your Score History

You have not taken this quiz